| 000 -LEADER |
| fixed length control field |
00386cam a22001097a 4500 |
| 008 - FIXED-LENGTH DATA ELEMENTS--GENERAL INFORMATION |
| fixed length control field |
180718b1952 xxu||||| |||| 00| 0 eng d |
| 082 ## - DEWEY DECIMAL CLASSIFICATION NUMBER |
| Classification number |
Rx5412 B436t |
| 100 ## - MAIN ENTRY--PERSONAL NAME |
| Personal name |
Halder, S.K. |
| 245 ## - TITLE STATEMENT |
| Title |
Report of an equiry into the living conditions of the tea plantation workers in Darjeeling- terai, West Bengal, 1948 |
| Statement of responsibility, etc. |
by S.K. Halder |
| 260 ## - PUBLICATION, DISTRIBUTION, ETC. |
| Place of publication, distribution, etc. |
Alipore |
| Name of publisher, distributor, etc. |
Government Press |
| Date of publication, distribution, etc. |
1952 |
| 300 ## - PHYSICAL DESCRIPTION |
| Extent |
115p. |